000 00814nam a22002177a 4500
999 _c13144
_d13144
003 AR-CdUCM
008 190409b ||||| |||| 00| 0 spa d
020 _a978-0-545-45887-0
040 _aMUNICIPALIDAD PROVINCIAL DEL CUSCO
_cBIBLIOTECA MUNICIPAL DEL CUSCO
082 _aEP / 511 /
_bAR73
100 _aArlon, Penelope
_930662
245 _aScholastic, explora tu mundo :
_bLos pingüinos /
260 _aSingapur :
_bFirst spanish edition,
_c2012.
300 _a80 paginas
_c26 cm.
505 _aContenido :¿Que es un pingüino? -- Las plumas -- La colonia -- El viaje de los emperadores -- Protección de los pingúinos ... ...
650 _aAnimales acuáticos
_920007
650 _aCiencias naturales
_910176
700 _aGordon-Harris, Tory
_930664
942 _2ddc
_cLIBROS
945 _arum
_d2019-04-11